00394 a2200157 450000100060000004000220000610000180002824000150004624500100006130000070007136200090007865000160008794200070010395201090011099900170021963952 cAnchieta - Pituba aRicoeur, Paul10aO mallpor10aO mal a530 a1988 4aTeodicéia cBK 00104070a91.1b91.1d2023-11-21l0o214 R541m RIC MALp17556/PITr2023-11-21 18:32:23w2023-11-21yBK c63952d63952